000 00398nam a2200145Ia 4500
008 240126s9999 xx 000 0 und d
041 _aEnglish
082 _aPREC91-349
100 _aJadhav, Vinay Biradar, Satish B Katakkar, Narendra Arun Kumar S
245 0 _aComputerised plotter 91
_bLinganagouda, Kulkarni
260 _bBVBCE, Hubli
440 _aNULL
650 _aPlotter
942 _cPR
999 _c256023
_d256023